Lyrics: Suzanne by Leonard Cohen - Statistics

General Stats
  • This quiz has been taken 63 times
  • The average score is 44 of 53
Answer Stats
Lyrics % Correct
and she leads you to the {river}
100%
{Suzanne} takes you down
100%
that you have no {love} to give her
100%
they are leaning out for {love}
100%
to her place near the {river}
100%
that come all the way from {China}
98%
with her {mind}.
98%
with his {mind}.
98%
with your {mind}.
98%
for he's touched your perfect {body}
94%
for she's touched your perfect {body}
94%
for you've touched her perfect {body}
94%
And {Jesus} was a sailor
91%
and she feeds you tea and {oranges}
91%
and you want to travel {blind}
91%
and you want to travel {blind}
91%
and you want to travel {blind}
91%
And you want to {travel} with her
91%
And you want to {travel} with her
91%
And you want to {travel} with him
91%
when he walked upon the {water}
91%
and he spent a long {time} watching
89%
that you've always been her {lover}.
89%
and you know that she's half {crazy}
87%
you can hear the {boats} go by
87%
you can spend the {night} beside her
87%
and when he knew for {certain}
85%
but that's why you want to be {there}
85%
Now, Suzanne takes your {hand}
85%
but he himself was {broken}
83%
from his lonely wooden {tower}
81%
from {Salvation} Army counters
81%
he said all men will be {sailors}
81%
only drowning men could {see} him
81%
and the sun pours down like {honey}
79%
and they will lean that way {forever}
79%
and then you know that she will {trust} you
74%
and then you know that you can {trust} her
74%
and then you think maybe you'll {trust} him
74%
then until the {sea} shall free them
74%
and she shows you where to {look}
72%
on our {Lady} of the harbor
72%
and she lets the river {answer}
68%
forsaken, almost {human}
68%
long before the {sky} would open
68%
and {just} when you mean to tell her
66%
she's wearing rags and {feathers}
66%
then she gets you on her {wavelength}
66%
he sank beneath your {wisdom} like a stone.
64%
while Suzanne holds the {mirror}.
62%
there are children in the {morning}
60%
among the {garbage} and the flowers
57%
there are {heroes} in the seaweed
45%
No matching quizzes found
Score Distribution
Percent of People with Each Score
Percentile by Number Answered
Your Score History
You have not taken this quiz